Checklist Unternehmensanalyse

Salvato in:
Dettagli Bibliografici
Autore principale: Haberland, Günther
Natura: Libro
Lingua:tedesco
Pubblicazione: Landsberg/Lech Moderne Industrie 1992
Edizione:1. Aufl.
Soggetti:
Tags: Aggiungi Tag
Nessun Tag, puoi essere il primo ad aggiungerne!!

MARC

LEADER 00000nam a2200000 4500
001 c004390
005 20221206083209.3
020 |a 3-478-31910-2 
041 0 |a ger 
044 |a DE 
245 1 0 |a Checklist Unternehmensanalyse  |c Günther Haberland 
250 |a 1. Aufl. 
264 1 |a Landsberg/Lech  |b Moderne Industrie  |c 1992 
300 |a 252 s. 
610 2 0 |a analýza ekonomická 
610 2 0 |a podnik 
610 2 0 |a riadenie podnikové 
610 2 0 |a manažment 
610 2 0 |a financovanie podnikov 
610 2 0 |a kontroling 
610 2 0 |a logistika 
610 2 0 |a výroba 
610 2 0 |a technológia 
610 2 0 |a výskum podnikový 
610 2 0 |a vývoj výrobku 
610 2 0 |a prevádzky 
610 2 0 |a marketing 
610 2 0 |a práca personálna 
610 2 0 |a kríza hospodárska 
100 1 |a Haberland, Günther